We cannot remain silent : (Record no. 8086)
[ view plain ]
| 000 -LEADER | |
|---|---|
| campo de control de longitud fija | 02199cam a22003974a 4500 |
| 001 - NÚMERO DE CONTROL | |
| campo de control | 112726 |
| 005 - FECHA Y HORA DE LA ÚLTIMA TRANSACCIÓN | |
| campo de control | 20230404125945.0 |
| 008 - DATOS DE LONGITUD FIJA--INFORMACIÓN GENERAL | |
| campo de control de longitud fija | 100108s2010 ncua b 001 0 eng c |
| 035 ## - NÚMERO DE CONTROL DEL SISTEMA | |
| Número de control de sistema | 16046564 |
| 010 ## - NÚMERO DE CONTROL DE LA BIBLIOTECA DEL CONGRESO | |
| Número de control de LC | 2010000606 |
| 020 ## - NÚMERO INTERNACIONAL ESTÁNDAR DEL LIBRO | |
| Número Internacional Estándar del Libro | 9780822347170 (cloth : alk. paper) |
| 020 ## - NÚMERO INTERNACIONAL ESTÁNDAR DEL LIBRO | |
| Número Internacional Estándar del Libro | 9780822347354 (pbk. : alk. paper) |
| 040 ## - FUENTE DE CATALOGACIÓN | |
| Centro catalogador/agencia de origen | NcD/DLC |
| Centro/agencia transcriptor | DLC |
| 042 ## - CÓDIGO DE AUTENTICACIÓN | |
| Código de autenticación | pcc |
| 043 ## - CÓDIGO DE ÁREA GEOGRÁFICA | |
| Código de área geográfica | s-bl--- |
| -- | n-us--- |
| 050 14 - SIGNATURA TOPOGRÁFICA DE LA BIBLIOTECA DEL CONGRESO | |
| Número de clasificación | 103 F 2523 |
| Número de ítem | G796w 2010 |
| 082 00 - NÚMERO DE LA CLASIFICACIÓN DECIMAL DEWEY | |
| Número de clasificación | 981.06 |
| 100 1# - ENTRADA PRINCIPAL--NOMBRE DE PERSONA | |
| Nombre de persona | Green, James Naylor, |
| Fechas asociadas al nombre | 1951- |
| 245 10 - MENCIÓN DEL TÍTULO | |
| Título | We cannot remain silent : |
| Resto del título | opposition to the Brazilian military dictatorship in the United States / |
| Mención de responsabilidad, etc. | James N. Green. |
| 260 ## - PUBLICACIÓN, DISTRIBUCIÓN, ETC. | |
| Lugar de publicación, distribución, etc. | Durham, NC : |
| Nombre del editor, distribuidor, etc. | Duke University Press, |
| Fecha de publicación, distribución, etc. | 2010. |
| 300 ## - DESCRIPCIÓN FÍSICA | |
| Extensión | xiv, 450 p. : |
| Otras características físicas | ill. ; |
| Dimensiones | 25 cm. |
| 490 1# - MENCIÓN DE SERIE | |
| Mención de serie | Radical perspectives |
| 505 0# - NOTA DE CONTENIDO CON FORMATO | |
| Nota de contenido con formato | Revolution and counterrevolution in Brazil -- "A gente quer ter voz ativa" -- The birth of a movement -- "Caminhando e cantando e seguindo a canðcäao" -- The world turned upside down -- "Agora falando sâerio" -- Defending artistic and academic freedom -- "Acorda amor" -- The campaign against torture -- "Vai meu irmäao" -- Latin Americanists take a stand -- "Pode me prender, pode me bater" -- Human rights and the organization of American states -- "Fado tropical" -- Congressional questioning -- "While my eyes go looking for flying saucers in the sky" -- Denouncing the dictatorship -- "Navegar áe preciso" -- Performing opposition -- "Quem áe essa mulher?" -- The slow-motion return to democracy -- "Amanhé hé de ser outro dia". |
| 504 ## - NOTA DE BIBLIOGRAFÍA, ETC. | |
| Nota de bibliografía, etc. | Includes bibliographical references (p. [411]-429) and index. |
| 651 #0 - PUNTO DE ACCESO ADICIONAL DE MATERIA--NOMBRE GEOGRÁFICO | |
| Nombre geográfico | Brazil |
| Subdivisión general | History |
| Subdivisión cronológica | Revolution, 1964 |
| Subdivisión general | Foreign public opinion. |
| 651 #0 - PUNTO DE ACCESO ADICIONAL DE MATERIA--NOMBRE GEOGRÁFICO | |
| Nombre geográfico | Brazil |
| Subdivisión general | Politics and government |
| Subdivisión cronológica | 1964-1985. |
| 650 #0 - PUNTO DE ACCESO ADICIONAL DE MATERIA--TÉRMINO DE MATERIA | |
| Término de materia o nombre geográfico como elemento de entrada | Dictatorship |
| Subdivisión geográfica | Brazil |
| Subdivisión general | History |
| Subdivisión cronológica | 20th century. |
| 650 #4 - PUNTO DE ACCESO ADICIONAL DE MATERIA--TÉRMINO DE MATERIA | |
| Término de materia o nombre geográfico como elemento de entrada | Dictadura |
| Subdivisión geográfica | Brasil |
| Subdivisión general | Historia |
| Subdivisión cronológica | Siglo 20. |
| 651 #0 - PUNTO DE ACCESO ADICIONAL DE MATERIA--NOMBRE GEOGRÁFICO | |
| Nombre geográfico | United States |
| Subdivisión general | Relations |
| Subdivisión geográfica | Brazil. |
| 651 #0 - PUNTO DE ACCESO ADICIONAL DE MATERIA--NOMBRE GEOGRÁFICO | |
| Nombre geográfico | Brazil |
| Subdivisión general | Relations |
| Subdivisión geográfica | United States. |
| 830 #0 - PUNTO DE ACCESO ADICIONAL DE SERIE-TÍTULO UNIFORME | |
| Título uniforme | Radical perspectives. |
| 942 ## - ELEMENTOS DE ENTRADA SECUNDARIOS (KOHA) | |
| Fuente del sistema de clasificación o colocación | Clasificación de Library of Congress |
| Tipo de ítem Koha | |
| 963 ## - | |
| -- | Patty Van Norman; phone: 919-687-3622; fax: 919-688-4391; email: pattyvan@duke.edu; bc: pattyvan@duke.edu |
| 985 ## - | |
| -- | NcDCIP |
| -- | 2010-01-08 |
| 946 ## - PROCESAMIENTO DE INFORMACIÓN LOCAL (OCLC) | |
| a | YSL |
| Estatus retirado | Estado de pérdida | Fuente del sistema de clasificación o colocación | Estado de daño | No para préstamo | Colección | Biblioteca de origen | Biblioteca actual | Ubicación en estantería | Fecha de adquisición | Serial enumeration / chronology | Total checkouts | Signatura topográfica completa | Código de barras | Visto por última vez | Copia número | Precio de reemplazo | Tipo de ítem Koha |
|---|---|---|---|---|---|---|---|---|---|---|---|---|---|---|---|---|---|
| Clasificación de Library of Congress | Recursos Regionales | Biblioteca Juan Bosch | Biblioteca Juan Bosch | Recursos Regionales (2do. Piso) | 04/04/2023 | 1 | 103 F 2523 G796w 2010 | 00000106514 | 23/10/2018 | 1 | 23/10/2018 |
